=LDR 00000nam 2200000 4500 =001 INLIS000000000000312 =005 20150306140426.0 =006 =007 =008 Ind =035 ##$$0010-061300000000312 =041 ##$$a Ind =082 ##$$a 613.71 =090 ##$$a 613.71 Car k =100 ##$$a McCarthy, Aine =245 ##$$a Kiat menjadi ramping dan tetap bugar, petunjuk praktis untuk hidup lebih sehat / Aine McCarthy; Alih bahasa,T.Hermaya =260 ##$$a Jakarta $b Gramedia Pustaka Utama $c 1995 =300 ##$$a 161 hlm. : ilus. : 20 cm =650 ##$$a Aerobik (Olahraga) =700 ##$$a Hermaya,T =850 ##$$a NBPNMAT